Datum a čas kvízu
23
Celkem bodů
Celkový počet nahraných bodů na tomto kvízu bez doplňovacích otázek.
5.
Pořadí na kvízu
Konečné umístění týmu na tomto kvízu.
Zaznamenané odpovědi
| # | Otázka | Odpověď | Body | Výsledky |
|---|---|---|---|---|
| 1. | Andrej Babiš se při své návště... | 0 | ||
| 2. | Orbánova vláda minulý týden za... | 0 | ||
| 3. | V ostravském Husově sadu byla... | 1 | ||
| 4. | Nový nástupce kompaktní třídy... | 1 | ||
| 5. | Málo vídaného výsledku 6:0 dos... | 0 | ||
| 6. | V hlasování na facebooku poraz... | 0 | ||
| 7. | "Ten Francin je nějaké ____ na... | 0 | ||
| 8. | Jak se jmenoval hlavní hrdina... | 1 | ||
| 9. | Kterým slovem, pro Hrabala typ... | 1 | ||
| 10. | Celkem kolik osob cestuje dopr... | 1 |